| 000 | 00932cam a2200289 a 4500 | ||
|---|---|---|---|
| 001 | 15794511 | ||
| 005 | 20180813073421.0 | ||
| 008 | 090629s2010 nyua 000 0 eng | ||
| 010 | _a 2009025932 | ||
| 015 |
_aGBA922305 _2bnb |
||
| 016 | 7 |
_a014920434 _2Uk |
|
| 020 | _a9780071615471 | ||
| 020 | _a0071615474 | ||
| 035 | _a(OCoLC)ocn312625907 | ||
| 040 |
_aDLC _beng _cDLC _dYDX _dBTCTA _dBAKER _dYDXCP _dUKM _dVP@ _dOCLCQ _dDLC |
||
| 041 | 0 | _aengger | |
| 080 | _a438.3 WEI | ||
| 082 | 0 | 0 |
_a438.3 WEI _222 |
| 082 | 0 | 0 |
_a438.3 WEI _222 |
| 100 | 1 | _a25 | |
| 101 | _aEDU | ||
| 245 | 1 | 0 |
_aSchaum's outlines : _cEdda Weiss ... [et al.]. |
| 246 | 3 | 0 | _aGerman vocabulary |
| 906 |
_a7 _bcbc _corignew _d1 _eecip _f20 _gy-gencatlg |
||
| 942 |
_2ddc _cBK |
||
| 999 |
_c47044 _d47044 |
||